000 00771cab a2200229 4500
001 ABS52972
008 090401t1995 xxu||||| |||| 00| 0 eng d
035 _a(Sirsi) u1160
041 _aeng
100 _aSimpkins, E.
245 _aEducation: an initiative for the taking?
260 _c1995
350 _a0
490 _aConstruction News
_v(6418) 8 June 1995, 26(1)
520 _aConsiders the potential for and obstacles to the use of private finance in the education sector of the construction market where the capital spending programme is a mere 2% of the estimated worth of capital stock.
650 _aCONSTRUCTION MARKET
650 _aEDUCATION SECTOR
650 _aPRIVATE FINANCE
690 _aBUILT ENVIRONMENT
942 _n0
948 _c04/03/1997
999 _c633
_d633